000 01062cam a22003258i 4500
001 23353569
003 OSt
005 20250609153823.0
008 231017s2024 nyu j 001 0 eng
010 _a 2023048029
020 _a9781307997828
040 _aDLC
_beng
_erda
_cDLC
_dDLC
042 _apcc
050 0 0 _aHB172.5
_b.K374 2024
082 0 0 _a339
_bKAR/M
100 1 _aKarlan, Dean S.
_eauthor.
_910526
245 1 0 _aMacroeconomics :
_bimprove your world /
_cDean Karlan, Northwestern University and Innovations for Poverty Action, Jonathan Morduch, New York University.
250 _aFourth edition.
263 _a2401
264 1 _aNew York, NY :
_bMcGraw Hill Education,
_c2024.
300 _a694 pages
336 _atext
_btxt
_2rdacontent
337 _aunmediated
_bn
_2rdamedia
338 _avolume
_bnc
_2rdacarrier
500 _aIncludes index.
521 _aAges 18+
_bMcGraw Hill Education.
650 0 _aMacroeconomics.
700 1 _aMorduch, Jonathan,
_eauthor.
942 _2ddc
_cBK
_h339
_iKAR/M
_k339
_mKAR/M
999 _c44451
_d44451